BIBLIOTHÈQUE DE LA MAISON DU MEXIQUE

Logo 1 Logo 2

Competitividad (notice nᵒ 9478)

détails MARC
000 -Sello discográfico
campo de control de longitud fija 01153nam a2200301 4500
005 - Identificación de versión
campo de control 20260219145812.0
010 ## - Número Estándar Internacional de Libros (ISBN)
Número (ISBN) 970-27-0277-1
035 ## - Otros números de control del sistema
Número de control del sistema 10488
099 ## - fechas locales
Tipo de ítem Koha LIBRO
100 ## - Datos de procesamiento general
Datos de procesamiento general 20030730d2003 m y1spay5003 ba
101 ## - Idioma del recurso
Idioma del texto, banda sonora, etc. Español; Castellano
105 ## - Campo de datos codificados: Material textual, monográfico
Datos codificados de monografía a 001zy
200 1# - Título y mención de responsabilidad
Título propio Competitividad
Designación general del material texto impreso
Otra información del título implicaciones para empresas y regiones
Primer mención de responsabilidad Compilación Jesús Arroyo Alejandre, Salvador Berumen Sandoval
205 ## - Declaración de edición
Declaración de edición 1a ed
210 ## - Publicación, distribución, etc.
Lugar de publicación, distribución, etc. México
-- Los Angeles
Nombre del editor, distribuidor, etc. Universidad de Guadalajara
-- University of Californie in Los Angeles, Program on Mexico
-- Juan Pablo Editor
Fecha de publicación, distribución, etc. 2003
215 ## - Descripción física
Designación de material específico y extensión del ítem 500 p
Otras características físicas il.
Dimensiones 21 cm
345 ## - Nota de información de adquisición
Fuente de adquisición/dirección de la suscripción [OBSOLETO] Donación Jesús Arroyo Alejandre
410 ## - Series
Título Centro Universitario de Ciencias Económico Administrativas
Nombre de parte o sección Ciclos y tendencias en el desarrollo de México
Número de volumen 25
606 ## - Término temático usado como materia
Elemento de entrada Competencia económica
Subdivisión geográfica México
Número Koha 19508
606 ## - Término temático usado como materia
Elemento de entrada Política industrial
Número Koha 8762
Subdivisión geográfica México
660 ## - Código de área geográfica
Código MX
702 ## - Nombre personal - Responsabilidad secundaria
Elemento de entrada Arroyo Alejandre
Parte del nombre distinta del elemento de entrada Jesús
Fechas 1948-
Número Koha 4700
702 ## - Nombre personal - Responsabilidad secundaria
Elemento de entrada Berumen Sandoval
Parte del nombre distinta del elemento de entrada Salvador
Número Koha 19509
801 #0 - Fuente de origen
País FR
Agencia cm
Reglas de catalogación (convenciones descriptivas) AFNOR
942 ## - ELEMENTOS DE ENTRADA SECUNDARIOS (KOHA)
Tipo de ítem Koha Livre
Exemplaires
Estatus retirado Estado de daño Estado de pérdida Fuente de la clasificación o esquema de estantería Fecha de adquisición Biblioteca de origen Biblioteca actual Código de barras Precio de reemplazo Signatura topográfica completa No para préstamo Tipo de ítem Koha Nota pública Nota no pública
      Clasificación Decimal Dewey 05/08/2025 Casa México Paris Casa México Paris 011180 05/08/2025 338.01 C737   Livre 20240930LIV 751145101